Представление документа в формате RUSMARC

ПолеНазваниеЗначение
  Тип записи a
  Библиографический уровень a
001 Контрольный номер a3b7928fe457414bb1f86880c1c877ad
005 Дата корректировки 20240207194002.8
100 Данные общей обработки __
a Данные общей обработки 20231124 ||| 0rusy0189 ca
101 Язык документа 0_
a Язык текста rus
102 Страна публикации __
a Страна публикации RU
200 Заглавие и сведения об ответственности 1_
a Заглавие Дракон, который существует
e Сведения, относящиеся к заглавию [комодский варан: внешний вид, интересные факты]
f Первые сведения об ответственности Е. Мигунова
461 Уровень набора _0
1 2000
a Тошка и компания
463 Уровень физической единицы _0
1 2000
a № 11
v С. 2-5 : фот.
1 2101
d 2023
1 001668c133a555e496d964979940f0d9642
606 Тематические рубрики 0_
a Основная рубрика Пресмыкающиеся - Вараны
610 Ключевые слова 0_
a Ключевые слова вараны; пресмыкающиеся; комодские вараны; исчезающие животные; животные Международной Красной книги; краснокнижные животные, ящерицы
686 Индексы других классификаций __
a Классификационный индекс 28.693.34
700 Автор _1
a Фамилия Мигунова
b Имя (инициалы) Е.
g Полное личное имя Елена
801 Источник записи _0
a Страна RU
b Организация УОБДЮ
c Дата составления 20231124
g Правила каталогизации RCR
801 Источник записи _1
a Страна RU
b Организация УОБДЮ
c Дата составления 20231124
g Правила каталогизации RCR
901 Тип документа __
t Тип документа b
w Контрольный № источника 668c133a555e496d964979940f0d9642
905 Данные по созданию БЗ __
b Логин пользователя, который создал БЗ ibo4
909 Создатель записи __
a Создатель записи Бобылёва И.В.
910 Корректоры записи __
a Корректор записи Бобылёва И.В.
919 __
a Бобылёва И.В.
c Бобылёва И.В.